[Event "Barcelona Rubi op-A 5th"]
[Site "Barcelona"]
[Date "2004.04.??"]
[Round "8"]
[White "Torrecillas Gonzalez, Antonio"]
[Black "Flores de Paco, David"]
[Result "1/2-1/2"]
[WhiteElo "2065"]
[BlackElo "2085"]
[PlyCount "134"]
[EventDate "2004.04.25"]
[EventType "swiss"]
[EventRounds "9"]
[EventCountry "ESP"]
[SourceTitle "EXT 2007"]
[Source "ChessBase"]
[SourceDate "2006.11.23"]
[SourceVersion "1"]
[SourceVersionDate "2006.11.23"]
[SourceQuality "1"]

1. d4 f5 2. g3 Nf6 3. Bg2 g6 4. Nf3 Bg7 5. 0-0 d6 6. c4 0-0 7. Nc3 Nc6 8. d5 Ne5 9. Nxe5 dxe5 10. Qb3 h6 11. Rd1 Nd7 12. Bd2 g5 13. Rac1 f4 14. Ne4 Qe8 15. c5 Nf6 16. d6+ Kh8 17. dxc7 Nh5 18. Be1 Bd7 19. Qd3 Bc6 20. Nd6 exd6 21. cxd6 Qd7 22. Bxc6 bxc6 23. Qf3 Nf6 24. Qxc6 Rfe8 25. b4 Bf8 26. Qxd7 Nxd7 27. b5 Kg7 28. a4 Kf7 29. a5 Ke6 30. Rc6 h5 31. b6 axb6 32. axb6 Ra6 33. c8Q Rxc8 34. Rxc8 Rxb6 35. Ba5 Rb5 36. Bc7 Rc5 37. Re8+ Kf7 38. Rd8 Ke6 39. Kg2 Rc2 40. Kf1 Rc6 41. gxf4 gxf4 42. Kg2 Rc3 43. Rd2 Rc4 44. Kf3 e4+ 45. Kg2 Bh6 46. Ra2 Bg5 47. Rg8 Bf6 48. Rga8 Rc3 49. R8a3 Rc5 50. Ra5 Rc3 51. Rxh5 Ne5 52. f3 exf3+ 53. exf3 Nxf3 54. Re2+ Ne5 55. Rexe5+ Bxe5 56. Rxe5+ Kd7 57. Re7+ Kc8 58. d7+ Kxc7 59. h4 Rd3 60. Rf7 Rxd7 61. Rxf4 Rg7+ 62. Kf3 Kd7 63. Ke4 Ke7 64. Ke5 Rf7 65. Ra4 Kf8 66. h5 Kg7 67. Ra6 Kh7 1/2-1/2